000 00916cam a22001814a 4500
005 20250605164355.0
008 250528s ||||||||||||||||||||||||d
035 _a24275
040 _aGR-AtMCL
_bgre
_dGR-AtMCL
_eAACR2
245 1 _aSpectroscopy Europe: Informing European Spectroscopists for over 40 years / Atomic Spectroscopy of Stonehenge Stones UV/ vis Photochemistry Database Correct Sampling of Contaminated Soil Spectroscopic Data Processing Automation
260 _bImpublications,
_c2020
300 _a34
520 _aEditorial, News, The UV/ Vis Photochemistry Database, Tony Davies Column: When to Automate Spectroscopic Data Processing, Sampling Column: Chemical Analysis of Contaminated Soil for Sound Environmental Site Assessment. Part 1: The Critical Role of Proper Sampling, New Products, Diary.
700 1 _aMichael Ian
_99442
942 _cCR
999 _c9165
_d9165